El dorados d'Amérique (Registro nro. 165969)

Detalles MARC
000 -ENCABEZADO
Número de control [NR] 00840nam a22002297a 4500
008 - DE LONGITUD FIJA DE DATOS DE ELEMENTOS - INFORMACIÓN GENERAL
Elementos de longitud fija [NR] 130821s2011 fr ab gr fre
020 ## - NUMERO INTERNACIONAL NORMALIZADO PARA LIBROS [R]
Número Internacional Normalizado del libro [NR] 9782228906685
040 ## - FUENTE DE CATALOGACION [NR]
Agencia de catalogación original [NR] CO-BoUCM
Quien Cataloga
Idioma de catalogación [NR] spa
Quien Clasifica Aldemar Mondragón
041 00 - CODIGO DE IDIOMA [R]
Código de idioma para texto/pista de sonido o título separado [R] Francés
100 1# - ASIENTO PRINCIPAL--NOMBRE PERSONAL [NR]
Nombre personal [NR] Lavallé, Bernard
ID Autoridad 36419
245 10 - MENCION DE TITULO [NR]
Título [NR] El dorados d'Amérique
Parte restante del título [NR] mythes, mirages et réalités
Mención de responsabilidad, etc. [NR] Bernard Lavallé
260 ## - PUBLICACION, DISTRIBUCION, ETC. (PIE DE IMPRENTA) [R]
Lugar de publicación, distribución, etc. [R] París (Francia)
Nombre del editor, distribuidor, etc. [R] Payot
Fecha de publicación, distribución, etc. [R] 2011
300 ## - DESCRIPCION FISICA [R]
Extensión [R] 296 páginas
Otros detalles físicos [NR] ilustraciones, mapas
490 0# - MENCION DE SERIE [R]
Mención de serie [R] Histoire
504 ## - NOTA DE BIBLIOGRAFIA, ETC. [R]
Nota de bibliografía, etc. [NR] Incluye referencias bibliográficas e índices
651 #4 - ASIENTO SECUNDARIO DE MATERIA - NOMBRE GEOGRAFICO [R]
Nombre geográfico [NR] América
Subdivisión general [R] Descubrimiento y exploración
9 (RLIN) 36421
651 #4 - ASIENTO SECUNDARIO DE MATERIA - NOMBRE GEOGRAFICO [R]
Nombre geográfico [NR] América
Subdivisión general [R] Historia
Subdivisión cronológica [R] -1810
9 (RLIN) 36422
651 #4 - ASIENTO SECUNDARIO DE MATERIA - NOMBRE GEOGRAFICO [R]
Nombre geográfico [NR] América
Subdivisión general [R] Historia
Subdivisión cronológica [R] 1810-
9 (RLIN) 36423
690 ## - ASUNTO AGREGADO LOCAL DE ENTRADA - TÉRMINO TEMÁTICO (OCLC, RLIN)
Acceso temático local Historia de América
942 ## - ELEMENTOS DE ENTRADA AGREGADOS (KOHA)
Tipo de ítem principal el descrito en 300a Libro
Tema principal Historia
Edición 1
Parte restante de la signatura top. L394e
Sistema de clasificación DEWEY
Clasificación 980.013
Existencias
Fecha de último préstamo Total préstamos Total Renewals Signatura topográfica Código de barras Última vez visto Ejemplar Costo de reposición Price effective from Tipo de ítem Perdido Sistema de clasificación Dañado No prestable Tipo de ítem específico Suprimido Ubicación habitual Ubicación actual Localización Fecha de creación Proveedor Forma de adquisición Costo
21/10/2019 2 3 980.013 L394e 100132110 10/12/2025 Ej.1 91325.00 26/04/2013 Libro   DEWEY     Libro   Claustro Claustro 2do piso 26/04/2013 2 Compra 91325.00